Giáo trình trò chơi : Sách dùng cho sinh viên đại học và cao đẳng sư phạm thể dục thể thao
Sách gồm 4 chương: Nhận thức cơ bản về trò chơi; nguyên tắc lựa chọn và sáng tác trò chơi; phương pháp biên soạn trò chơi, công tác tổ chức hướng dẫn; giới thiệu một số trò chơi vận động thường dùng trong trường phổ thông....
में बचाया:
| मुख्य लेखक: | |
|---|---|
| स्वरूप: | पुस्तक |
| भाषा: | Undetermined |
| प्रकाशित: |
Hà Nội
Thể dục Thể thao
2009
|
| विषय: | |
| टैग : |
टैग जोड़ें
कोई टैग नहीं, इस रिकॉर्ड को टैग करने वाले पहले व्यक्ति बनें!
|
| Thư viện lưu trữ: | Trung tâm Học liệu Trường Đại học Cần Thơ |
|---|
| LEADER | 01004nam a2200205Ia 4500 | ||
|---|---|---|---|
| 001 | CTU_239159 | ||
| 008 | 210402s9999 xx 000 0 und d | ||
| 082 | |a 790 | ||
| 082 | |b L120 | ||
| 100 | |a Hà, Đình Lâm | ||
| 245 | 0 | |a Giáo trình trò chơi : | |
| 245 | 0 | |b Sách dùng cho sinh viên đại học và cao đẳng sư phạm thể dục thể thao | |
| 245 | 0 | |c Hà Đình Lâm (biên soạn) | |
| 260 | |a Hà Nội | ||
| 260 | |b Thể dục Thể thao | ||
| 260 | |c 2009 | ||
| 520 | |a Sách gồm 4 chương: Nhận thức cơ bản về trò chơi; nguyên tắc lựa chọn và sáng tác trò chơi; phương pháp biên soạn trò chơi, công tác tổ chức hướng dẫn; giới thiệu một số trò chơi vận động thường dùng trong trường phổ thông. | ||
| 650 | |a Trò chơi,Games | ||
| 910 | |b vtbtruc | ||
| 980 | |a Trung tâm Học liệu Trường Đại học Cần Thơ | ||